01338cac a22003491u 4500999001500000003000900015005001700024008004100041020001500082020001800097040004300115082001700158100001400175245011700189250002200306250002700328264003700355264001000392300004700402336002600449337002800475338002700503500002500530504005100555650002300606653002100629655002400650700003100674942002000705952013600725952012700861 c5634d5634EG-ScBUE20200809102518.0081204t1999 xxua f b 001 0 eng d a007115809X a9780071158091 aEG-ScBUEbengerdacEG-ScBUEdEG-ScBUE04a657bACC222 a 00aAccounting :bthe basis for business decisions /cRobert F. Meigs, San Diego State University [and three others] aEleventh edition. aInternational edition. 1aNew York :bMcGraw-Hill,c[1999] 4cc1999 axxvi, 1104 pages :billustrations ;c28 cm 2rdacontentatextbtxt 2rdamediaaunmediatedbn 2rdacarrieravolumebnc aIncludes appendices. aIncludes bibliographical references and index. 7aAccounting.2BUEsh bBUSADMcJuly2020 vReading book9342321 aMeigs, Robert F.,eauthor. cBBk657MEI2ddc 00102ddc4070aMAINbMAINc1STd2007-11-01ePurchasel4m102o657 ACCp000007032r2022-08-24 00:00:00s2016-11-17w2007-11-01yBB 00102ddc40708BaccahaMAINbMAINc1STd2020-08-09ePurchasel0o657 ACCp000049343r2025-07-15 00:00:00w2020-08-09yBB